| 000 | 01869cam a22003974i 4500 | ||
|---|---|---|---|
| 003 | PE-LiUPU | ||
| 005 | 20250731173212.0 | ||
| 008 | 150625s1952 xxu r 000 0 eng d | ||
| 035 | _a(Sirsi) a32499 | ||
| 040 |
_aPE-LiUPU _bspa _cPE-LiUPU _erda |
||
| 082 | 0 | 4 |
_a220.91 _bK79 _221 |
| 100 | 1 |
_aKraeling, Emil G., _eautor. |
|
| 245 | 1 | 0 | _aBible Atlas. |
| 264 | 1 |
_aNew York : _bRand Mc. Nally & Company, _c1952. |
|
| 300 |
_a487 páginas ; _c25.5 centímetros |
||
| 336 |
_atext _2rdacontent |
||
| 337 |
_aunmediated _2rdamedia |
||
| 338 |
_avolume _2rdacarrier |
||
| 505 | 0 | _aJourney into the past -- Pass through tje land -- In the Beginning -- Wanderings of Abraham -- The tents of Isaac and the star of Jacob -- From Egypt to the holy mount -- The wilderness sojourn -- The conquest and division -- The period of the Judges -- Saul forms a hebrew nation -- The story of David -- Salomon in all his glory -- The secession and the supremacy of Israel -- The downfall of Israel -- Judah's vain struggle for survival -- In the land of exile -- The reconstruction -- The world into wich Jesus was born -- The gospel story -- The early church of Palestine -- From Antioch to rome -- The geography of revelations. | |
| 526 | _aSEG42 | ||
| 526 | _aSEG41 | ||
| 526 | _aSEG40 | ||
| 526 | _aSEG39 | ||
| 526 | _aP94 | ||
| 526 | _aP87 | ||
| 526 | _aP86 | ||
| 526 | _aP85 | ||
| 526 | _aP77 | ||
| 526 | _aP76 | ||
| 526 | _aP35 | ||
| 942 |
_2ddc _cBOOK |
||
| 949 |
_a220.91 K79 _wDEWEY _c1 _i05328 _lCCODEBUL1 _mBUL _p00.00 _r0 _sY _tBOOK _u2015-06-25 _xBIBLIOTECA _zUNKNOWN _0COMPRA _o.STAFF. Colección Teología |
||
| 596 | _a1 | ||
| 999 |
_a220.91 K79 _wDEWEY _c40157 _i05328 _d40157 _f2021-11-9 _g5 _lCCODEBUL1 _mBUL _p30.00 _q1 _r0 _sY _tBOOK _u2015-6-25 _xTEOLOGIA _PP35 _0COMPRA _o.STAFF. Colección Teología |
||
| 980 |
_81 _gALBERTO SANCHEZ Responsable de Automatización |
||